The liberal hour

שמור ב:
מידע ביבליוגרפי
מחבר ראשי: Galbraith, John Kenneth
פורמט: ספר
שפה:Undetermined
יצא לאור: Boston Houghton Mifflin 1960
נושאים:
תגים: הוספת תג
אין תגיות, היה/י הראשונ/ה לתייג את הרשומה!
Thư viện lưu trữ: Trung tâm Học liệu Trường Đại học Cần Thơ
LEADER 00454nam a2200169Ia 4500
001 CTU_79525
008 210402s9999 xx 000 0 und d
082 |a 330.973 
082 |b G148 
100 |a Galbraith, John Kenneth 
245 4 |a The liberal hour 
245 0 |c John Kenneth Galbraith 
260 |a Boston 
260 |b Houghton Mifflin 
260 |c 1960 
650 |a Economic conditions 
980 |a Trung tâm Học liệu Trường Đại học Cần Thơ